000 00422nam a2200181Ia 4500
005 20250423095214.0
008 250422s9999 xx 000 0 und d
020 _a9788182744486
050 _aKD 600 .A7/
100 _aAfridi, M.M.R.K.[ 1 ]
245 0 _aEncyclpaedia of islamic shariat
260 _aNew delhi
260 _bPentagon
260 _c2010
300 _a362 p
650 _aislamic law
942 _cBK
999 _c29568
_d29568